| 000 | 01216nam0a22002891 4500 | ||
|---|---|---|---|
| 001 | rc\4216767 | ||
| 005 | 20250611140836.0 | ||
| 021 |
_aRU _bРг45-69 |
||
| 035 | _a(NLR Aleph) 008220518 | ||
| 090 |
_a8153061 _c8153061 |
||
| 100 | _a20130416d1968 |||y0rusy50 ca | ||
| 101 | 0 |
_arus _ageo |
|
| 102 | _aRU | ||
| 105 | _ay z ||||| | ||
| 200 | 1 | _aДоклад, прочитанный на Торжественном заседании, посвященном 150-летию со дня рождения великого грузинского поэта и мыслителя Николоза Бараташвили, 11 сентября 1968 года | |
| 210 |
_aТбилиси _cБ. и. _d1968 |
||
| 215 |
_a40 с. _d20 |
||
| 300 | _aАвт. указан на суперобл. | ||
| 300 | _aТекст парал. на рус. и груз. яз. | ||
| 700 | 1 |
_aАбашидзе _bГ. Г. _f1914-1994 _gГригол Григорьевич _9157730 _3RU\NLR\AUTH\770157770 |
|
| 702 | 1 |
_aБараташвили _bН.М. _f1817-1845 _gНиколай Мелитонович _4570 |
|
| 801 | 0 |
_aRU _bNLR _gpsbo |
|
| 801 | 1 |
_aRU _bELAR _2rusmarc |
|
| 852 |
_aNLR _bОНЛ |
||
| 942 | _cBOOK | ||
| 980 | _aNB | ||